Statistics for Languages Most Similar to Portuguese

Click here to take the quiz!

General Stats

  • This quiz has been taken 129 times
  • The average score is 6 of 10

Answer Stats

IndexLanguage% Correct
19,4Spanish
100%
25,3Italian
95%
34,3French
94%
39,1Romanian
78%
14,4Catalan
74%
23,4Latin
67%
21,8Romansh
51%
55,5Danish
34%
53,6Swedish
31%
53,0Lithuanian
24%

Score Distribution

Percentile by Number Answered

Percent of People with Each Score

Your Score History

You have not taken this quiz